MARC details
| 000 -LEADER |
| campo di controllo lung. fissa |
02097nam a22003017i 4500 |
| 001 - Numero di controllo |
| campo di controllo |
IT\ICCU\CFI\0083860 |
| 003 - Identificatore del numero di controllo |
| campo di controllo |
ItRI |
| 005 - Data e orario dell'ultima transazione |
| campo di controllo |
20260115232223.0 |
| 008 - Elementi di lunghezza fissa--Informazione generale |
| campo di controllo lung. fissa |
890209s1986 it |||||| ||||| |||||c |
| 040 ## - Fonte della catalogazione |
| Lingua della catalogazione |
ita |
| Agenzia che fa la trascrizione |
importazione bologna sebina |
| 041 #7 - Codice di lingua |
| Codice di lingua del testo/traccia sonora o titolo separato |
ita |
| Fonte del codice |
ISO-639-2 |
| 110 2# - Accesso principale--nome di ente |
| Nome dell'ente o nome della giurisdizione come accesso |
Chiesa Cattolica. |
| Unità subordinata |
Congregazione per la dottrina della fede |
| Numero del record di authority o numero standard |
IT\ICCU\CFIV\026092 |
| Relazione: |
aut |
| 245 03 - Formulazione del titolo |
| Titolo |
La cura pastorale delle persone omosessuali : |
| Complemento del titolo |
lettera ai vescovi della Chiesa cattolica della Congregazione per la dottrina della fede. |
| 260 ## - Pubblicazione, distribuzione, ecc. (stampa) |
| Luogo di pubblicazione, distribuzione, ecc. |
Milano : |
| Nome dell'editore, distributore, ecc. |
EP, |
| Data di pubblicazione, distribuzione, ecc. |
©1986 |
| 300 ## - Descrizione fisica |
| Estensione |
15 p. ; |
| Dimensioni |
18 cm. |
| 791 2# - |
| -- |
Kongregácia pre vieroučné otázky |
| -- |
IT\ICCU\CFIV\026095 |
| -- |
Chiesa Cattolica : Congregazione per la dottrina della fede |
| 791 2# - |
| -- |
Congregazione per la dottrina della fede |
| -- |
IT\ICCU\CFIV\070214 |
| -- |
Chiesa Cattolica : Congregazione per la dottrina della fede |
| 791 2# - |
| -- |
Sacra congregatio pro doctrina fidei |
| -- |
IT\ICCU\CFIV\076322 |
| -- |
Chiesa Cattolica : Congregazione per la dottrina della fede |
| 791 2# - |
| -- |
Sacra congregazione per la dottrina della fede |
| -- |
IT\ICCU\CFIV\076323 |
| -- |
Chiesa Cattolica : Congregazione per la dottrina della fede |
| 791 2# - |
| -- |
Sacrée congrégation pour la doctrine de la foi |
| -- |
IT\ICCU\IEIV\103771 |
| -- |
Chiesa Cattolica : Congregazione per la dottrina della fede |
| 791 2# - |
| -- |
Congregation for the Doctrine of the Faith |
| -- |
IT\ICCU\IEIV\145462 |
| -- |
Chiesa Cattolica : Congregazione per la dottrina della fede |
| 791 2# - |
| -- |
Kongregation für die Glaubenslehre |
| -- |
IT\ICCU\SBNV\034547 |
| -- |
Chiesa Cattolica : Congregazione per la dottrina della fede |
| 791 2# - |
| -- |
Santa Sede. |
| -- |
Sacra congregazione per la dottrina della fede |
| -- |
IT\ICCU\SBNV\049898 |
| -- |
Chiesa Cattolica : Congregazione per la dottrina della fede |
| 791 2# - |
| -- |
Congregacion para la doctrina de la fe |
| -- |
IT\ICCU\UBOV\784948 |
| -- |
Chiesa Cattolica : Congregazione per la dottrina della fede |
| 791 2# - |
| -- |
Chiesa cattolica. |
| -- |
Dicastero per la dottrina della fede |
| -- |
IT\ICCU\UTOV\573420 |
| -- |
Chiesa Cattolica : Congregazione per la dottrina della fede |
| 830 #0 - Accesso aggiunto di serie--titolo uniforme |
| Titolo uniforme |
Magistero ; |
| Numero del volume/designazione di sequenza |
120 |
| Numero del record di authority o numero standard |
IT\ICCU\PBE\0008594 |
| 942 ## - Dati aggiuntivi (Koha) |
| Fonte della classificazione o dello schema di collocazione (segnatura) |
Classificazione decimale Dewey |
| Tipo copia default (Koha) |
Libri |
| Nasconto in Opac |
No |